000 00498nmm a2200169Ia 4500
008 251105s9999||||xx |||||||||||||||||und||
020 _a8495983001
041 _aspa
100 _aOlivares Pedreño, J. C.
245 0 _aLos dioses de la Hispania céltica
264 _a[Madrid, España] :
_bPublicaciones de la Universidad de Alicante,
_c2002
300 _a308 páginas
490 _aHistoria
650 _aReligion(s)
856 _uhttps://public.digitaliapublishing.com/a/620
942 _cCF
999 _c73995
_d73995